| 000 | 00773nam a22002897a 4500 | ||
|---|---|---|---|
| 005 | 20251107191005.0 | ||
| 008 | 170728b2015 xxu||||| |||| 00| 0 spa d | ||
| 020 | _a9789587622744 | ||
| 041 | _aESP | ||
| 082 | _a510.246.58 C975ma2 | ||
| 100 |
_aCuro, Agustin _943593 |
||
| 100 |
_aMartínez, Mihály _943594 |
||
| 245 | _aMatemática básica para administradores | ||
| 260 | _aColombia | ||
| 260 | _bEdiciones de La U | ||
| 260 | _c2015 | ||
| 490 | _aDirección y Administración de Empresas | ||
| 650 | _aMATEMÁTICAS | ||
| 650 | _aMATRICES | ||
| 650 | _aECUACIONES | ||
| 650 | _aFUNCIONES DE VARIABLE REAL | ||
| 650 | _aFUNCIONES LOGARÍTMICAS | ||
| 650 | _aFUNCIONES EXPONENCIALES | ||
| 650 | _aLÓGICA | ||
| 942 |
_cBK _2ddc |
||
| 999 |
_c9687 _d9687 |
||